000 00343nam a2200145Ia 4500
008 230917s9999||||xx |||||||||||||| ||und||
040 _e50133
_aMAIN
041 _aEnglish
082 _a821.8 E46M:P
100 _aMaxwell, D E S
245 0 _aPoetry of T S Eliot
260 _aLondon
_bRoutledge
_c1966
300 _avii, 223 p.
942 _cBK
999 _c36104
_d36104